| 000 | 00509nam a2200133 a 4500 | ||
|---|---|---|---|
| 008 | 120416s2003 ||||||||||||||||| || u | ||
| 050 | _aTHESIS | ||
| 100 | _aChiwila, Mulenga | ||
| 245 | 1 | 0 | _aSecondary school mathematics expert system |
| 246 | _aa case study of Kitwe Boys High School | ||
| 260 |
_aKitwe _bCopperbelt University, School of Technology _c2003 |
||
| 350 | _a0.00 | ||
| 995 |
_D0.00 _FCBU-MAIN LIBRARY (Kitwe) _H1 _I0.00 _UAVAILABLE _ZUniversity Collection |
||
| 999 |
_c57184 _d57184 |
||